| 000 | 01036nam a2200277 i 4500 | ||
|---|---|---|---|
| 001 | 177738 | ||
| 003 | ES-MaACL | ||
| 005 | 20240418144925.0 | ||
| 008 | 110418s1957 sp |||| | spa d | ||
| 080 | _a821.134.2-31"19"(082.2) | ||
| 100 | 1 |
_aAgustín, Enrique José. _9146211 |
|
| 245 | 1 | 0 |
_aÁlvaro Villagrán y cuatro mujeres / _cEnrique José Agustín _b. Los olvidados / Ángel María de Lera . ¿Y el último crimen? / Cástulo Carrasco Martínez . Como el viento / Víctor Alperi Fernández. |
| 260 |
_aMadrid : _bAguilar, _c1957. |
||
| 300 |
_a626 p. ; _c20 cm. |
||
| 490 | 1 |
_aNova navis ; _v4 |
|
| 650 | 0 | 4 |
_aNovela española- _yS.XX _915636 |
| 700 | 1 |
_aLera, Ángel María de, _d1912-1984 _971742 |
|
| 700 | 1 |
_aCarrasco Martínez, Cástulo. _9146212 |
|
| 700 | 1 |
_aAlperi, Víctor. _920458 |
|
| 740 | 4 | 2 | _aLos olvidados. |
| 740 | 1 | 2 | _a¿Y el último crimen? |
| 740 | 0 | 2 | _aComo el viento. |
| 830 | 0 |
_aNova navis ; _v4 _9190579 |
|
| 852 |
_aES-MaACL _jE-14937 _xOlim P-259 |
||
| 999 |
_c177738 _d177738 |
||